000 01061cam a22002771i 4500
003 SA-RiAUC
005 20250830041733.0
008 250817s1994 ua g b 000 0 ara c
020 _a9775254639
040 _aJO-AmJU
_bara
_cSA-RiAUC
_erda
082 0 4 _a953.022
_qSA-RiAUC
090 _a953.022
_bا ب ن س
100 1 _aابن سلم، أحمد سعيد عبود،
_d1350 هجري-
_eمؤلف.
245 1 0 _aحروب الردة وبناء الدولة الإسلامية /
_cتأليف أحمد سعيد بن سلم.
250 _aالطبعة الأولى.
264 1 _aالقاهرة :
_bدار المنار،
_c1994.
300 _a204 صفحة ؛
_c23 سم
336 _aنص
_btxt
_2rdacontent
_3كتاب
337 _aبدون وسيط
_bn
_2rdamedia
338 _aمجلد
_bnc
_2rdacarrier
504 _aببليوجرافية : صفحة 201.
650 7 _aحروب الردة
_2aucsh
650 7 _aالتاريخ الإسلامي
_yعصر صدر الإسلام
_2aucsh
942 _2ddc
_cBOOK
_n0
949 _aSA-JeALM
_d250817
_umohamedma123
_n1
999 _c11298
_d11298